000 01408cad a22002055a 4500
001 L156543
008 120606s2012 xxk 000 0 eng d
035 _a(Sirsi) u156543
041 0 _aeng
110 2 _aCushman & Wakefield
_95888
245 0 0 _aOccupier insight
_bkeys to aligning real estate to the business May 2012
_h[electronic resource]
260 _aNew York
_bC & W
_c2012
520 _aThe corporate real estate (CRE) industry has evolved rapidly driven by continuous improvements in technology and communication as well as changing global trends in workforce dynamics. Outlines a five-step programme for 21st century CRE: tackling new responsibilities centred around five highly critical real estate issues; and defining five steps to aligning real estate to the business. CRE will continue to change dramatically in the coming years. Competitive global businesses will increasingly look to CRE for assistance in strategic initiatives around talent management, cost containment, workplace design, and corporate branding and culture.
590 _aKA
651 4 _aInternational
690 _aBusiness and management
690 _aCommercial property
_96227
856 4 0 _uhttps://www.cushmanwakefield.com/en/research-and-insight/2012/aligning-corporate-real-estate-with-the-business/
_zView the report after free registration with the Knowledge Center at www.cushmanwakefield.com
942 _n0
999 _c84069
_d84069